Bates' guide to physical examination and history taking / (Record no. 13114)

MARC details
000 -LEADER
fixed length control field 00955nam a22002657a 4500
003 - CONTROL NUMBER IDENTIFIER
control field OSt
005 - DATE AND TIME OF LATEST TRANSACTION
control field 20250807023645.0
008 - FIXED-LENGTH DATA ELEMENTS--GENERAL INFORMATION
fixed length control field 250807b |||||||| |||| 00| | eng d
020 ## - INTERNATIONAL STANDARD BOOK NUMBER
International Standard Book Number 9781496398178
040 ## - CATALOGING SOURCE
Transcribing agency JMCFI - Learning Resource Center
082 ## - DEWEY DECIMAL CLASSIFICATION NUMBER
Classification number MAHL/Med. 616.07'54 B329 2021
100 ## - MAIN ENTRY--PERSONAL NAME
Personal name Bickley, Lynn S
9 (RLIN) 17977
245 ## - TITLE STATEMENT
Title Bates' guide to physical examination and history taking /
Statement of responsibility, etc. Lynn S. Bickley [and three others].
250 ## - EDITION STATEMENT
Edition statement Thirteenth edition.
260 ## - PUBLICATION, DISTRIBUTION, ETC.
Place of publication, distribution, etc. Philadelphia :
Name of publisher, distributor, etc. Wolters Kluwer ,
Date of publication, distribution, etc. 2021.
300 ## - PHYSICAL DESCRIPTION
Extent xxxviii, 1201 pages :
Other physical details colored, illus. ;
Dimensions 27 cm
500 ## - GENERAL NOTE
General note Includes indexes.
504 ## - BIBLIOGRAPHY, ETC. NOTE
Bibliography, etc. note Includes bibliographical references.
650 ## - SUBJECT ADDED ENTRY--TOPICAL TERM
Topical term or geographic name entry element Physical examination
General subdivision methods.
9 (RLIN) 17978
650 ## - SUBJECT ADDED ENTRY--TOPICAL TERM
Topical term or geographic name entry element Medical history taking.
Source of heading or term methods.
9 (RLIN) 40819
700 ## - ADDED ENTRY--PERSONAL NAME
Personal name Szilagyi, Peter G
9 (RLIN) 17980
700 ## - ADDED ENTRY--PERSONAL NAME
Personal name Hoffman, Richard M
9 (RLIN) 17981
700 ## - ADDED ENTRY--PERSONAL NAME
Personal name Soriano, Rainer P
9 (RLIN) 40820
942 ## - ADDED ENTRY ELEMENTS (KOHA)
Source of classification or shelving scheme Dewey Decimal Classification
Koha item type Books
Edition Thirteenth edition
Suppress in OPAC No
Holdings
Withdrawn status Lost status Source of classification or shelving scheme Damaged status Not for loan Home library Current library Shelving location Date acquired Total Checkouts Full call number Barcode Date last seen Copy number Price effective from Koha item type
    Dewey Decimal Classification     LRC - Medical and Allied Health LRC - Medical and Allied Health MAHL - Medicine 07/31/2025   MAHL/Med. 616.07'54 B329 2021 c1 MAHL00002441 08/07/2025 1 08/07/2025 Books
    Dewey Decimal Classification     LRC - Medical and Allied Health LRC - Medical and Allied Health MAHL - Medicine 07/31/2025   MAHL/Med. 616.07'54 B329 2021 c2 MAHL00002442 08/07/2025 2 08/07/2025 Books
    Dewey Decimal Classification     LRC - Medical and Allied Health LRC - Medical and Allied Health MAHL - Medicine 07/31/2025   MAHL/Med. 616.07'54 B329 2021 c3 MAHL00002443 08/07/2025   08/07/2025 Books